| 000 | 00912nam0a2200277 4500 | ||
|---|---|---|---|
| 001 | RU\NLR\bibl\1190239 | ||
| 005 | 20260406152404.0 | ||
| 010 |
_a978-5-17-033786-6 _bАСТ |
||
| 010 |
_a978-5-9713-0790-7 _95000 _bАСТ МОСКВА |
||
| 021 |
_aRU _b2007-91743 _94957 |
||
| 035 | _a(NLR Aleph) 001176796 | ||
| 090 |
_a1632120 _c1632120 |
||
| 100 | _a20080219d2007 |||y0rusy50 ca | ||
| 101 | 1 |
_arus _ceng |
|
| 102 | _aRU | ||
| 105 | _ay z ||||| | ||
| 200 | 1 |
_aЖена на время _eроман _fМэри Бэлоу _g[пер. с англ. С.И. Деркунской] |
|
| 210 |
_aМосква _cАСТ _cАСТ МОСКВА _d2007 |
||
| 215 |
_a253, [1] с. _d17 |
||
| 225 | 1 | _aМини-шарм | |
| 700 | 1 |
_4070 _8rus _7ca _aБэлоу _bМ. _f1944- _gМэри _3RU\NLR\AUTH\775928 _9115885 |
|
| 801 | 0 |
_aRU _bNLR _c20080219 _gRCR |
|
| 801 | 1 |
_aRU _bNLR _c20080219 |
|
| 942 | _cBOOK | ||
| 980 | _aNB | ||